Viabilidad del beneficio de condonación de multa a la luz de la ley 27541 (Registro nro. 22499)
[ vista simple ]
| 000 -LEADER | |
|---|---|
| fixed length control field | 00370 a2200109 4500 |
| 001 - CONTROL NUMBER | |
| control field | ART_55169 |
| 005 - DATE AND TIME OF LATEST TRANSACTION | |
| control field | 20260410161823.0 |
| 008 - FIXED-LENGTH DATA ELEMENTS--GENERAL INFORMATION | |
| fixed length control field | 260409a |
| 100 1# - MAIN ENTRY--PERSONAL NAME | |
| Personal name | Bello, Alberto M. |
| 245 10 - TITLE STATEMENT | |
| Title | Viabilidad del beneficio de condonación de multa a la luz de la ley 27541 |
| 773 0# - HOST ITEM ENTRY | |
| Title | Doctrina Penal Tributaria y Económica |
| Related parts | - N° 62 (dic. 2021) |
| Record control number | REV4317 |
No hay ítems disponibles.